Вып. 75: информационный выпуск; Научные сообщения

Bibliografische gegevens
Parent link:Научные сообщения: [сборник статей]/ Академия наук СССР (АН СССР), Институт горного дела им. А. А. Скочинского (ИГД); отв. ред. Л. И. Барон. Вып. 75.— .— Москва: Недра, 1959-1988
Andere auteurs: Докукин А. В. (редактор)
Taal:Russisch
Gepubliceerd in: Москва, Изд-во института горного дела, 1970
Onderwerpen:
Formaat: Boek
KOHA link:https://koha.lib.tpu.ru/cgi-bin/koha/opac-detail.pl?biblionumber=677925

MARC

LEADER 00000nam2a2200000 4500
001 677925
005 20250117162032.0
035 |a (RuTPU)RU\TPU\book\136476 
090 |a 677925 
100 |a 20241225d1970 k y0rusy50 ca 
101 0 |a rus 
102 |a RU 
105 |a a z 001zy 
181 0 |a i   |b  e  
182 0 |a n 
183 0 |a nc  |2 RDAcarrier 
200 0 |a Вып. 75  |e информационный выпуск  |f отв. ред. А. В. Докукин 
203 |a Текст  |b визуальный  |c непосредственный 
210 |a Москва  |c Изд-во института горного дела  |d 1970 
215 |a 202 с.  |c ил. 
283 |a volume  |2 RDAcarrier 
320 |a Библиогр. в конце ст. 
461 1 |0 677189  |9 677189  |t Научные сообщения  |o [сборник статей]  |f Академия наук СССР (АН СССР), Институт горного дела им. А. А. Скочинского (ИГД)  |g отв. ред. Л. И. Барон  |c Москва  |n Недра  |n Госгортехиздат  |d 1959-1988  |v Вып. 75 
606 1 |a Горное дело  |9 35173 
610 1 |a подземные выработки 
610 1 |a добыча 
610 1 |a уголь 
610 1 |a технологии 
610 1 |a шахты 
610 1 |a параметры 
610 1 |a пологие пласты 
610 1 |a механизированная выемка 
610 1 |a деформации 
610 1 |a гидрозакладочные установки 
610 1 |a горные породы 
610 1 |a химическое укрепление 
610 1 |a исследование операций 
610 1 |a комплексная механизация 
610 1 |a автоматизация 
610 1 |a технико-экономический анализ 
610 1 |a струговая выемка 
610 1 |a горные породы 
610 1 |a разрушение 
610 1 |a физико-технические методы 
610 1 |a взрывные работы 
610 1 |a горная механика 
610 1 |a гидрообъемный привод 
610 1 |a статистическая динамика 
610 1 |a импульсная техника 
610 1 |a электрофизические исследования 
675 |a 622  |v 3 
702 1 |a Докукин  |b А. В.  |4 340 
801 1 |a RU  |b 63413507  |c 20241225  |g PSBO 
801 2 |a RU  |b 63413507  |c 20241225  |g PSBO 
850 |a 63413507 
942 |c CR